| 000 | 00422pab a2200169 454500 | ||
|---|---|---|---|
| 008 | 180718b2004 xxu||||| |||| 00| 0 eng d | ||
| 100 | _aWanyeki, L. Muthoni | ||
| 245 | _aGlobalization, poverty and women's rights: making the linkages | ||
| 260 | _c2004 | ||
| 300 | _ap.94-96. | ||
| 362 | _aMar | ||
| 650 | _aPoverty | ||
| 650 | _aGlobalization | ||
| 650 | _aWomens rights | ||
| 773 | _aDevelopment | ||
| 909 | _a61909 | ||
| 999 |
_c61909 _d61909 |
||